MARC

LEADER 00000cam a2200000 7i4500
001 0000023028
005 20111012.0
008 110131 my a may
040 |a INS 
090 0 0 |a SN19 
110 1 |a Kursus penjagaan kesihatan ,   |d 5 - 6 Julai 2010   |c INSPEN, Bangi 
245 0 0 |a Kursus penjagaan kesihatan :   |b 5 - 6 Julai 2010   |c Anjuran Pusat Pengurusan dan Teknologi Maklumat, Bangi 
260 |a Bangi :   |b Institut Penilaian Negara ,   |c 2010 
300 |a 1 v. (mukasurat pelbagai) :   |b ill. ;   |c 30 cm. 
650 0 |a Physical education and training 
650 0 |a Physical training 
710 1 |a INSPEN (Institut Penilaian Negara) 
856 |u http://app.inspen.gov.my:7779/pls/portal/docs/PAGE/CORPORATEPAGES/PORTAL_INSPEN/NOTA_KURSUS/SN/KURSUS%20PENJAGAAN%20KESIHATAN.PDF 
999 |a SN00000042   |b BOOK   |c Course Notes   |e Default branch 
999 |a SN00000043   |b BOOK   |c Course Notes   |e Default branch